000 00907nam a22002897a 4500
001 BR2012002558
003 BR-BrBNA
005 20230928103943.0
007 ta
008 230509b bl.||||| |||| 00| 0 por d
040 _aBR-BrBNA
_bpor
_cBiblioteca Nacional de Agricultura
041 _a(Por)
072 _aQ03
_b9430
_b4110
090 _ 9430 BR2012002558
100 1 _aBrugnera, D.F.
110 1 _aUniversidade Federal de Lavras, MG (Brasil)
_0Tese (Mestrado)
245 1 _aRicota: qualidade microbiológica e uso de especiarias no controle de Staphylococcus aureus
260 3 _aLavras, MG (Brasil):
_c2011.
300 _a106 p.
500 _aSummaries (Eng, Por); Several bibliography; 10 illus.; 17 tables
650 _aRICOTA
650 _aSTAPHYLOCOCCUS AUREUS
650 _aBACTÉRIA
650 _aMICROBIOLOGIA DE ALIMENTO
909 _a202309
_bLucia
_c55
_dLucia Elande
942 _cBK
999 _c77402
_d77402